José Serrano convocó al CAL para analizar juicio político contra el vicepresidente Jorge Glass (Registro nro. 41239)
[ vista simple ]
| 000 -Cabecera | |
|---|---|
| Campo de control interno | nam a22 7a 4500 |
| 005 - Fecha y hora de la última transacción | |
| Campo de control | 20171214095948.0 |
| 008 - Elementos de Longitud Fija - Información General | |
| Elementos de Longitud Fija - Información | 171214b xxu||||| |||| 00| 0 eng d |
| 040 ## - Origen de la Catalogación | |
| Origen de la Catalogación | ANE |
| 041 ## - Idioma | |
| Idioma | Es |
| 082 ## - Clasificación Dewey | |
| Numero de correlativo | ppec20171214 |
| 110 ## - Autor Corporativo | |
| Autor Corporativo | El Comercio 20171214 |
| 245 ## - Titulo | |
| Titulo | José Serrano convocó al CAL para analizar juicio político contra el vicepresidente Jorge Glass |
| 300 ## - Páginas | |
| Número y paginación | 20171214 |
| 500 ## - Nota General | |
| Nota General | El presidente de la Asamblea Nacional, José Serrano, convocó (...) para el jueves 14 de diciembre del 2017, al Consejo de Administración Legislativa (CAL) a una sesión para analizar un posible juicio político (censura) contra el vicepresidente Jorge Glas, condenado este miércoles a seis años de prisión por asociación ilícita en el caso Odebrecht. De acuerdo a un comunicado difundido por el Consejo de Administración Legislativa (CAL), el presidente de la Asamblea Nacional, José Serrano, convocó para el jueves una sesión del CAL para analizar esa solicitud, sin detallar su procedencia. La sesión se efectuará a las 17:00 horas. |
| 650 ## - Temas - Descriptores | |
| Temas - Descriptores | José |
| 650 ## - Temas - Descriptores | |
| Temas - Descriptores | Serrano |
| 650 ## - Temas - Descriptores | |
| Temas - Descriptores | CAL |
| 650 ## - Temas - Descriptores | |
| Temas - Descriptores | juicio |
| 650 ## - Temas - Descriptores | |
| Temas - Descriptores | político |
| 650 ## - Temas - Descriptores | |
| Temas - Descriptores | Jorge |
| 650 ## - Temas - Descriptores | |
| Temas - Descriptores | Glass |
| 856 ## - URL - Dirección | |
| URI/URL | http://documentacion.asambleanacional.gob.ec/alfresco/d/d/workspace/SpacesStore/d2b4b3f0-2029-4019-a412-f51f62bf9d96/ppec20171214.pdf |
| 942 ## - Elementos de Koha | |
| Esquema de Clasificacion | |
| Tipo de Documento | Analíticas de Periódicas |
| Catalogador | pc |
No hay ítems disponibles.